[Event "Basingstoke 4NCL Spring Bank op-A 1st"]
[Site "Basingstoke"]
[Date "2018.05.27"]
[Round "5"]
[White "Isaksen, Peter A"]
[Black "Munshi, Aditya"]
[Result "1-0"]
[WhiteElo "1813"]
[BlackElo "1971"]
[PlyCount "87"]
[EventDate "2018.05.25"]
[EventType "swiss"]
[EventRounds "7"]
[EventCountry "ENG"]
[SourceTitle "CBM 184 Extra"]
[Source "ChessBase"]
[SourceDate "2018.06.28"]
[SourceVersion "1"]
[SourceVersionDate "2018.06.28"]
[SourceQuality "1"]

1. e4 c5 2. c3 Nf6 3. e5 Nd5 4. d4 cxd4 5. Nf3 e6 6. cxd4 d6 7. Bc4 Nc6 8. 0-0 Be7 9. Re1 0-0 10. Nbd2 dxe5 11. dxe5 Nb6 12. Bb3 Nb4 13. Ne4 h6 14. Nd4 Bd7 15. Qg4 Kh7 16. Re3 f5 17. exf6 Bxf6 18. Nxe6 Bxe6 19. Qxe6 Qd7 20. Nxf6+ Rxf6 21. Qe4+ Qf5 22. Qxf5+ Rxf5 23. a3 N4d5 24. Bc2 Nxe3 25. Bxe3 g6 26. Bxf5 gxf5 27. Bxb6 axb6 28. g3 Rc8 29. Kg2 Rc2 30. b4 Rc3 31. Re1 Rxa3 32. Re7+ Kg8 33. Rxb7 Rb3 34. Rxb6 Kg7 35. b5 Kh7 36. Kh3 Rb4 37. f3 h5 38. f4 Rb2 39. Rb8 Kg7 40. b6 Kh7 41. b7 Kg7 42. Kh4 Rxh2+ 43. Kg5 Rb2 44. Kxf5 1-0

[Event "BCF-chT4S 1718 (4NCL)"]
[Site "England"]
[Date "2018.05.07"]
[Round "11.82"]
[White "Eckert, Jonathan"]
[Black "Isaksen, Peter A"]
[Result "1-0"]
[WhiteElo "1615"]
[BlackElo "1785"]
[PlyCount "57"]
[EventDate "2017.11.11"]
[EventType "team-swiss"]
[EventRounds "11"]
[EventCountry "ENG"]
[SourceTitle "EXT 2020"]
[Source "ChessBase"]
[SourceDate "2019.10.17"]
[SourceVersion "1"]
[SourceVersionDate "2019.10.17"]
[SourceQuality "1"]
[WhiteTeam "West is Best IV"]
[BlackTeam "Camberley Juniors"]
[WhiteTeamCountry "WLS"]
[BlackTeamCountry "ENG"]

1. e4 c5 2. Nc3 d6 3. f4 g6 4. Nf3 Bg7 5. Bb5+ Nc6 6. Bxc6+ bxc6 7. d3 Rb8 8. 0-0 Ba6 9. Qe1 Nh6 10. f5 Ng4 11. Qh4 Ne5 12. Bh6 Nxf3+ 13. Rxf3 Bf6 14. Qg3 Rxb2 15. Ne2 Rxc2 16. Re1 Rxa2 17. Bg5 Bg7 18. Nf4 c4 19. dxc4 Bxc4 20. Nd3 Bxd3 21. Rxd3 c5 22. e5 d5 23. f6 Bxf6 24. exf6 e6 25. Rxe6+ fxe6 26. f7+ Kd7 27. Bxd8 Rxd8 28. Rb3 Kc6 29. Qe5 1-0

[Event "BCF-chT4S 1718 (4NCL)"]
[Site "England"]
[Date "2018.05.06"]
[Round "10.82"]
[White "Isaksen, Peter A"]
[Black "Bourne, Johnathan"]
[Result "1-0"]
[WhiteElo "1785"]
[BlackElo "1954"]
[PlyCount "65"]
[EventDate "2017.11.11"]
[EventType "team-swiss"]
[EventRounds "11"]
[EventCountry "ENG"]
[SourceTitle "EXT 2020"]
[Source "ChessBase"]
[SourceDate "2019.10.17"]
[SourceVersion "1"]
[SourceVersionDate "2019.10.17"]
[SourceQuality "1"]
[WhiteTeam "Camberley Juniors"]
[BlackTeam "Brown Jack III"]
[WhiteTeamCountry "ENG"]
[BlackTeamCountry "ENG"]

1. e4 e5 2. Nf3 Nc6 3. Bb5 a6 4. Bxc6 dxc6 5. d3 Bd6 6. Bd2 Ne7 7. Bc3 f6 8. Nbd2 Be6 9. d4 exd4 10. Nxd4 Qd7 11. Nxe6 Qxe6 12. Qe2 Ng6 13. g3 0-0-0 14. a3 h5 15. 0-0-0 h4 16. f4 Qf7 17. Qg4+ Kb8 18. Nf3 Qa2 19. Nd2 Qf7 20. Kb1 Rde8 21. Rhe1 Re7 22. e5 fxe5 23. f5 Nf8 24. Ne4 Nd7 25. Nxd6 cxd6 26. Rxd6 Kc7 27. Re6 hxg3 28. Qxg3 Rxe6 29. fxe6 Qxe6 30. Bxe5+ Kc8 31. Bxg7 Qg8 32. Bxh8 Qxh8 33. h4 1-0

[Event "Wakefield 4NCL op 14th"]
[Site "Wakefield"]
[Date "2017.07.16"]
[Round "4"]
[White "Savage, Nicholas W"]
[Black "Isaksen, Peter A"]
[Result "1/2-1/2"]
[WhiteElo "2017"]
[BlackElo "1714"]
[PlyCount "83"]
[EventDate "2017.07.14"]
[EventType "swiss"]
[EventRounds "5"]
[EventCountry "ENG"]
[SourceTitle "CBM 179 Extra"]
[Source "ChessBase"]
[SourceDate "2017.08.23"]
[SourceVersion "1"]
[SourceVersionDate "2017.08.23"]
[SourceQuality "1"]

1. d4 Nf6 2. c4 e6 3. Nf3 b6 4. a3 Bb7 5. Nc3 Be7 6. d5 exd5 7. cxd5 d6 8. e4 0-0 9. Be2 Nbd7 10. 0-0 Nc5 11. Qc2 a5 12. b3 Nfd7 13. Be3 Bf6 14. Nd4 Re8 15. b4 axb4 16. axb4 Na6 17. Ra4 Qc8 18. Bb5 Bxd4 19. Bxd4 Re7 20. Qb2 Ndb8 21. Rfa1 f6 22. Qa3 f5 23. Bxa6 Rxa6 24. Rxa6 Nxa6 25. f3 fxe4 26. fxe4 Qg4 27. b5 Nc5 28. Bxc5 bxc5 29. Qc1 Rf7 30. Ra7 Bc8 31. Ra8 Rf8 32. Ra7 Rf7 33. Qe3 Qg6 34. Ra8 Rf8 35. h3 Qf6 36. Ra7 Qe7 37. b6 Qf6 38. b7 Bxh3 39. Qxh3 Qf1+ 40. Kh2 Qf4+ 41. Qg3 Qh6+ 42. Qh3 1/2-1/2

[Event "BCF-chT4S 1617 (4NCL)"]
[Site "England"]
[Date "2017.04.30"]
[Round "10.82"]
[White "Kenning, Paul H"]
[Black "Isaksen, Peter A"]
[Result "0-1"]
[WhiteElo "1871"]
[BlackElo "1877"]
[PlyCount "64"]
[EventDate "2016.11.26"]
[EventType "team-swiss"]
[EventRounds "11"]
[EventCountry "ENG"]
[SourceTitle "EXT 2019"]
[Source "ChessBase"]
[SourceDate "2018.10.10"]
[SourceVersion "1"]
[SourceVersionDate "2018.10.10"]
[SourceQuality "1"]
[WhiteTeam "Iceni II"]
[BlackTeam "Sandhurst Cadets"]
[WhiteTeamCountry "ENG"]
[BlackTeamCountry "ENG"]

1. e4 c5 2. Nf3 d6 3. Bb5+ Bd7 4. Bxd7+ Nxd7 5. 0-0 g6 6. Qe2 Bg7 7. c3 Qb6 8. Rd1 Rc8 9. d4 Ngf6 10. h3 0-0 11. e5 Nd5 12. e6 N7f6 13. exf7+ Kxf7 14. Ng5+ Ke8 15. Ne6 Rf7 16. c4 Nb4 17. d5 Bh8 18. Re1 Qa5 19. Nc3 Ng8 20. Ne4 Nc2 21. Bd2 Qb6 22. Ba5 Qxb2 23. Rab1 Qa3 24. Nxd6+ exd6 25. Nc7+ Kf8 26. Ne6+ Ke8 27. Nc7+ Kf8 28. Rxb7 Be5 29. Ne6+ Ke8 30. Rxf7 Kxf7 31. Qxc2 Qxa5 32. f4 Qxe1+ 0-1

[Event "BCF-chT4S 1617 (4NCL)"]
[Site "England"]
[Date "2017.03.19"]
[Round "8.103"]
[White "Price, Andrew"]
[Black "Isaksen, Peter A"]
[Result "1/2-1/2"]
[WhiteElo "1870"]
[BlackElo "1877"]
[PlyCount "101"]
[EventDate "2016.11.26"]
[EventType "team-swiss"]
[EventRounds "11"]
[EventCountry "ENG"]
[SourceTitle "EXT 2019"]
[Source "ChessBase"]
[SourceDate "2018.10.10"]
[SourceVersion "1"]
[SourceVersionDate "2018.10.10"]
[SourceQuality "1"]
[WhiteTeam "Throw in the Tal II"]
[BlackTeam "Sandhurst Cadets"]
[WhiteTeamCountry "ENG"]
[BlackTeamCountry "ENG"]

1. d4 Nf6 2. Nf3 e6 3. Bg5 b6 4. c4 Bb7 5. Nc3 Bb4 6. e3 0-0 7. Bd3 h6 8. Bxf6 Qxf6 9. 0-0 d5 10. cxd5 exd5 11. Qb3 Bxc3 12. Qxc3 c5 13. Rac1 Nd7 14. dxc5 Qxc3 15. Rxc3 Nxc5 16. Bf5 Ne4 17. Rc7 Nd6 18. Bd3 Rac8 19. Rfc1 Rxc7 20. Rxc7 Rc8 21. Rxc8+ Bxc8 22. Nd4 Bd7 23. Kf1 Kf8 24. Ke2 Ke7 25. b3 f5 26. a4 Kf6 27. Nf3 a5 28. Nd4 g5 29. g3 Ne4 30. Bc2 Ke5 31. f3 Nd6 32. f4+ gxf4 33. gxf4+ Kf6 34. Kd3 Ne4 35. Ke2 Be8 36. Kf1 Nd6 37. Bd1 Ne4 38. Be2 Bd7 39. Bf3 Nd2+ 40. Ke2 Nxf3 41. Kxf3 Be8 42. Kg3 Bh5 43. Kf2 Bg4 44. Kg3 Bd1 45. Kf2 h5 46. Ke1 Bg4 47. h4 Ke7 48. Kd2 Kd6 49. Kc3 Bh3 50. Nb5+ Kc6 51. Nd4+ 1/2-1/2

[Event "BCF-chT4S 1617 (4NCL)"]
[Site "England"]
[Date "2017.03.18"]
[Round "7.93"]
[White "Isaksen, Peter A"]
[Black "Hafstad, Leif"]
[Result "0-1"]
[WhiteElo "1877"]
[BlackElo "1614"]
[PlyCount "104"]
[EventDate "2016.11.26"]
[EventType "team-swiss"]
[EventRounds "11"]
[EventCountry "ENG"]
[SourceTitle "EXT 2019"]
[Source "ChessBase"]
[SourceDate "2018.10.10"]
[SourceVersion "1"]
[SourceVersionDate "2018.10.10"]
[SourceQuality "1"]
[WhiteTeam "Sandhurst Cadets"]
[BlackTeam "Wood Green III"]
[WhiteTeamCountry "ENG"]
[BlackTeamCountry "ENG"]

1. e4 e6 2. d4 d5 3. exd5 exd5 4. Nf3 Bd6 5. c4 dxc4 6. Bxc4 Nf6 7. 0-0 0-0 8. Re1 Bg4 9. Qb3 Nc6 10. Bxf7+ Rxf7 11. Ng5 Qd7 12. Nxf7 Qxf7 13. Qxb7 Re8 14. Be3 Nxd4 15. Na3 c5 16. Qa6 Re6 17. Qc4 Qh5 18. h3 Be2 19. Qc1 Qe5 20. f4 Qxe3+ 21. Qxe3 Rxe3 22. Nc4 Bxc4 23. Rxe3 Bxf4 24. Re7 a6 25. Kf2 Kf8 26. Rb7 Ne4+ 27. Kg1 Ne2+ 28. Kf1 Bg3 29. Rd1 N2c3+ 30. Kg1 Nxd1 31. b3 Bf2+ 32. Kh2 Ne3 33. g4 Bg3+ 34. Kg1 Bd5 35. Rd7 Ng5 36. Rxd5 Nxd5 37. Kg2 Be5 38. h4 Ne4 39. a4 Nd2 40. a5 Nxb3 41. g5 c4 42. h5 c3 43. g6 hxg6 44. h6 gxh6 45. Kf3 c2 46. Ke4 c1Q 47. Kxd5 h5 48. Ke4 h4 49. Kf3 h3 50. Kg4 h2 51. Kf3 h1Q+ 52. Kg4 Qf4# 0-1

[Event "BCF-ch U13"]
[Site "Coventry"]
[Date "2015.07.31"]
[Round "6"]
[White "Isaksen, Peter A"]
[Black "Modi, Shyam Jagdish"]
[Result "0-1"]
[WhiteElo "1642"]
[BlackElo "1555"]
[PlyCount "98"]
[EventDate "2015.07.27"]
[EventType "swiss"]
[EventRounds "7"]
[EventCountry "ENG"]
[SourceTitle "CBM 167 Extra"]
[Source "ChessBase"]
[SourceDate "2015.09.14"]
[SourceVersion "1"]
[SourceVersionDate "2015.09.14"]
[SourceQuality "1"]

1. e4 e6 2. d4 d5 3. Nd2 dxe4 4. Nxe4 Nd7 5. Nf3 Ngf6 6. Bd3 Be7 7. 0-0 0-0 8. c4 b6 9. Qc2 Bb7 10. Re1 g6 11. Qc3 c5 12. dxc5 Nxc5 13. Nxc5 bxc5 14. Bh6 Re8 15. Ng5 Qd4 16. Qxd4 cxd4 17. Ne4 Nxe4 18. Bxe4 Bxe4 19. Rxe4 Bf6 20. Bd2 Rab8 21. Rb1 Rec8 22. b3 Rxc4 23. Rd1 Rc2 24. Bf4 Rb7 25. Bd6 Rxa2 26. Rc1 h5 27. Rf4 Bg5 28. Be5 f6 29. Rxf6 Bxc1 30. Rxg6+ Kh7 31. Rxe6 Bf4 32. Bxd4 Rd2 33. Bc3 Rd1+ 34. Be1 Bd2 35. g4 Rxe1+ 36. Rxe1 Bxe1 37. g5 Rxb3 38. f4 Rf3 39. h4 Rxf4 40. Kg2 a5 41. Kh1 a4 42. Kh2 a3 43. g6+ Kxg6 44. Kg2 a2 45. Kg1 a1Q 46. Kh1 Rxh4+ 47. Kg2 Qb2+ 48. Kf3 Kf5 49. Ke3 Rh3# 0-1

[Event "BCF-ch U13"]
[Site "Coventry"]
[Date "2015.07.30"]
[Round "5"]
[White "Wu, Haotian"]
[Black "Isaksen, Peter A"]
[Result "0-1"]
[WhiteElo "1782"]
[BlackElo "1642"]
[PlyCount "118"]
[EventDate "2015.07.27"]
[EventType "swiss"]
[EventRounds "7"]
[EventCountry "ENG"]
[SourceTitle "CBM 167 Extra"]
[Source "ChessBase"]
[SourceDate "2015.09.14"]
[SourceVersion "1"]
[SourceVersionDate "2015.09.14"]
[SourceQuality "1"]

1. d4 d5 2. c4 dxc4 3. e3 Nf6 4. Bxc4 e6 5. Nf3 c5 6. 0-0 a6 7. Nc3 b5 8. Bd3 Bb7 9. Re1 Nbd7 10. a3 Qc7 11. Bd2 Bd6 12. Rc1 0-0 13. e4 e5 14. d5 c4 15. Bb1 Nc5 16. Be3 Nb3 17. Rc2 Ng4 18. Ng5 Nxe3 19. Qh5 h6 20. Rxe3 hxg5 21. Rh3 f6 22. Ne2 Bc8 23. Rxb3 Qa5 24. Rbc3 Bc5 25. Rc1 Qb6 26. Rf1 Bd7 27. Ng3 Be8 28. Qg4 Bd4 29. Rf3 g6 30. h4 gxh4 31. Qxh4 Ra7 32. Qg4 Rg7 33. Qh4 Bd7 34. Nf5 gxf5 35. exf5 Rff7 36. Qe4 Bxb2 37. Rh3 Qd4 38. Qf3 Qg4 39. Be4 c3 40. d6 Bxa3 41. Bd5 Qxf3 42. Bxf7+ Kxf7 43. Rxf3 Bc6 44. Rg3 Rxg3 45. fxg3 Bxd6 46. Kf2 c2 47. Rc1 Be4 48. g4 Ba3 49. Rxc2 Bxc2 50. g5 fxg5 51. g4 Bc1 52. Ke2 b4 53. Kf3 b3 54. Ke2 b2 55. Kf3 b1Q 56. Ke2 Bd1+ 57. Kf2 Qc2+ 58. Kg1 Be3+ 59. Kh1 Bf3# 0-1